000 00365nam a2200133Ia 4500
008 151001s9999||||xx |||||||||||||| ||und||
100 _aH. P. Blavatsky
245 _apraction occutism
250 _a1
260 _bThe theosophical publishing
260 _c1990
300 _a106
365 _b18
999 _c967911
_d967908